Регионална библиотека "Любен Каравелов" - Русе

Концерт для кларинета с оркестром (Запис номер 353169)

MARC детайли
000 -Лидер
Контролно поле с фиксирана дължина 01154ncm a2200289 a 4500
003 - Код на организацията, давaща контролен номер
Контролно поле BLK
005 - Дата и час на последна редакция
Контролно поле 20250128005538.0
008 - Елементи от данни с фиксирана дължина
fixed length control field 200409b bu ||||| |||| 00| 0 bu d
040 ## - Източник на каталожния запис
Идентификатор на билиотеката - собственик на записа BLK
041 ## - Код за език
Код за езика на текст/звукозапис или на отделно заглавие Руски
Код за езика КДБФ Руски
080 ## - УДК
Текстов определител УДК Кларинет, баскларинет, басетхорн
УДК код - определител по УДК 788.6
УДК - код + определител 788.6
080 ## - УДК
Текстов определител УДК Музика за пиано
УДК код - определител по УДК 786.2
УДК - код + определител 786.2
100 ## - Редна дума - Автор
Автор Брунс, Виктор
Авторска отговорност първи автор
R(LIN) 1299
139 ## - Редно поле
Редна дума Брунс, Виктор
Авторски знак Бро - Б 82
245 ## - Сведения за заглавието
Заглавие Концерт для кларинета с оркестром
Подзаглавни данни Соч. 26: Перелож. для кларнета и ф.-п.
Редно поле (дума) Виктор Брунс
257 ## - Страна на издаване
Страна на създаване/издаване Русия
260 ## - Област на издателските данни
9 (RLIN) 402764
Място на издаване, разпространение и проч. Москва
Име на издателя, разпространителя и проч. Музыка
Година на издаване 1968
300 ## - Физическа характеристика
Страници 14 с.
Размери/Мащаб 29 см
Съпровождащи материали 1 щим 16 с
380 ## - Жанр
Жанр Изкуство
650 #7 - Допълнително описание по предмет – тема
9 (RLIN) 159299
Основно описание – тема или топоним Концерти
650 #0 - Допълнително описание по предмет – тема
9 (RLIN) 353187
Основно описание – тема или топоним Кларинет - концерти, концертини
650 #0 - Допълнително описание по предмет – тема
Основно описание – тема или топоним Пиано - концерти
9 (RLIN) 283545
650 #0 - Допълнително описание по предмет – тема
Основно описание – тема или топоним Дуо - кларинет и пиано
9 (RLIN) 353801
852 ## - Местоположение
Форматна сигнатура Цб М ІІ 5475
Фондова буква Отдел Изкуство - подръчен фонд
999 ## - СИСТЕМНИ КОНТРОЛНИ НОМЕРА
Koha biblionumber 353169
Koha biblioitemnumber 353169
942 ## - АРТИКУЛИ
Вид на библиотечния материал Нотни издания
Скрит в OPAC Не
Периодичен библиозапис Да
944 ## - СЪЗДАВАНЕ И РЕДАКЦИЯ на ЗАПИСА
Дата на регистрацията/редакция 2020-04-09
Служител, извършил регистрацията/редакцията
Статус, дата на статуса CRON CRON
Наличности
Код за отписване Код за изгубен артикул Източник на класификационната схема Код за повреда Коз за рестрикции Код за отдаване Артикулен № Име на библиотеката - собственик Име на библиотеката, в която се намира в момента Статус (Текущо местоположение) Дата на вписване в системата Местоположение - отдел Цена в лева Инвентарен номер Систематично азбучна сигнатура Баркод Цена в евро Служебен тип на артикула
  Не е изгубен Universal Decimal Classification Не е повреден без рестрикции заемане за дома 760499 Регионална библиотека "Любен Каравелов" Русе Регионална библиотека "Любен Каравелов" Русе Отдел Изкуство - подръчен фонд 2020-04-10 Отдел Изкуство - подръчен фонд 0.59 50098 788/Б 82 В 120000050098 0.30 Нотни издания
  Не е изгубен Universal Decimal Classification Не е повреден   ползва се в читалня 769506 Регионална библиотека "Любен Каравелов" Русе Регионална библиотека "Любен Каравелов" Русе Хранилище 2020-05-13 Хранилище 0.53 50097 Цб М ІІ 5475 900000009505 0.27 Нотни издания
Vip Innovations Ltd, Rousse, Bulgaria 2025